[Event "IND-chB (Women) 42nd"]
[Site "Bhayandar"]
[Date "2015.07.03"]
[Round "3"]
[White "Khandelwal, Khushi"]
[Black "Shruthi, K."]
[Result "1-0"]
[WhiteElo "1557"]
[BlackElo "1947"]
[PlyCount "76"]
[EventDate "2015.07.02"]
[EventType "swiss"]
[EventRounds "11"]
[EventCountry "IND"]
[SourceTitle "CBM 167 Extra"]
[Source "ChessBase"]
[SourceDate "2015.09.14"]
[SourceVersion "1"]
[SourceVersionDate "2015.09.14"]
[SourceQuality "1"]

1. e4 e6 2. d4 d5 3. Nd2 Nf6 4. e5 Nfd7 5. Bd3 c5 6. c3 Nc6 7. Ngf3 Qb6 8. 0-0 cxd4 9. cxd4 Nxd4 10. Nxd4 Qxd4 11. Nf3 Qb6 12. Qa4 a6 13. Qg4 Qb4 14. Qh5 g6 15. Qh3 Nc5 16. Bc2 h6 17. Rd1 Bd7 18. Rd4 Qb6 19. Qg3 0-0-0 20. b4 Ne4 21. Bxe4 dxe4 22. Be3 Bc6 23. Rxe4 Qb5 24. a4 Qd3 25. Rd4 Rxd4 26. Nxd4 Bxb4 27. Nxc6 bxc6 28. Qf4 Bc3 29. Rc1 Rd8 30. h4 Rd7 31. Qxh6 Kb7 32. Qf8 Bxe5 33. Qb4+ Ka8 34. g3 Rb7 35. Qc5 Bb8 36. Qxc6 Qb3 37. Qxa6+ Ba7 38. Rc8+ Rb8 1-0

[Event "IND-chB (Women) 42nd"]
[Site "Bhayandar"]
[Date "2015.07.03"]
[Round "2"]
[White "Shruthi, K."]
[Black "Sachdev, Tania"]
[Result "0-1"]
[WhiteElo "1947"]
[BlackElo "2413"]
[PlyCount "156"]
[EventDate "2015.07.02"]
[EventType "swiss"]
[EventRounds "11"]
[EventCountry "IND"]
[SourceTitle "CBM 167 Extra"]
[Source "ChessBase"]
[SourceDate "2015.09.14"]
[SourceVersion "1"]
[SourceVersionDate "2015.09.14"]
[SourceQuality "1"]

1. d4 Nf6 2. Nf3 e6 3. Bf4 c5 4. e3 b6 5. c3 Bb7 6. Nbd2 Be7 7. h3 0-0 8. Bd3 d6 9. Qe2 Nbd7 10. e4 cxd4 11. cxd4 Qc7 12. 0-0 Rac8 13. Bh2 e5 14. dxe5 dxe5 15. Nb3 Bd6 16. Nfd2 Qd8 17. Rac1 Qe7 18. Ba6 Rxc1 19. Rxc1 Ba8 20. Kh1 Nb8 21. Bb5 Bb7 22. Bd3 Rd8 23. Nc4 Bc7 24. f3 a6 25. Ne3 g6 26. Qc2 Rd7 27. a3 Bd8 28. Nc4 Nc6 29. Bg1 b5 30. Nb6 Rc7 31. Qd1 Nb8 32. Rxc7 Bxc7 33. Na5 Bc6 34. Nxc6 Nxc6 35. Nd5 Nxd5 36. exd5 Nd4 37. Bxd4 exd4 38. Qe2 Qd6 39. g4 Qxd5 40. Kg2 Qd6 41. Kf1 Qg3 42. Qg2 Qf4 43. Qe2 Qc1+ 44. Kg2 Bf4 45. Qc2 Qe1 46. Qf2 Qe5 47. b3 Be3 48. Qc2 Qe7 49. a4 bxa4 50. bxa4 a5 51. Qb2 Kg7 52. Qe2 h5 53. Kg3 Qc7+ 54. Kg2 Qc1 55. Qf1 Qb2+ 56. Qe2 Qa1 57. Qf1 Qxa4 58. gxh5 gxh5 59. Kh1 Qa3 60. f4 Qc1 61. Qxc1 Bxc1 62. Kg2 Bxf4 63. Kf3 Be3 64. Ke4 Kf6 65. Bb5 Kg5 66. Bd7 f6 67. Kf3 f5 68. Be8 Bc1 69. Bb5 Kh4 70. Bd7 Kxh3 71. Bxf5+ Kh2 72. Bc2 h4 73. Bd3 a4 74. Kg4 a3 75. Bc4 d3 76. Kf3 h3 77. Kf2 d2 78. Ke2 Kg1 0-1

[Event "IND-chB (Women) 35th"]
[Site "Calicut"]
[Date "2008.06.08"]
[Round "3"]
[White "Nadig, Kruttika"]
[Black "Shruthi, K."]
[Result "1-0"]
[WhiteElo "2213"]
[BlackElo "1992"]
[PlyCount "95"]
[EventDate "2008.06.06"]
[EventType "swiss"]
[EventRounds "11"]
[EventCountry "IND"]
[SourceTitle "CBM 124 Extra"]
[Source "ChessBase"]
[SourceDate "2008.07.03"]
[SourceVersion "1"]
[SourceVersionDate "2008.07.03"]
[SourceQuality "1"]

1. e4 e6 2. d4 d5 3. Nc3 Nf6 4. Bg5 Be7 5. e5 Nfd7 6. Bxe7 Qxe7 7. f4 a6 8. Qd2 c5 9. Nf3 Nc6 10. dxc5 Qxc5 11. 0-0-0 b5 12. Qe1 Nb6 13. Kb1 Nc4 14. Bxc4 bxc4 15. f5 Rb8 16. Ka1 Qb4 17. Rb1 Qa5 18. Qf2 exf5 19. Rhd1 Be6 20. Nd4 Nxd4 21. Qxd4 Rd8 22. h3 h5 23. Ne2 Rd7 24. c3 Qc7 25. Qe3 g6 26. Nd4 Re7 27. Re1 Rd7 28. Qg5 Rg8 29. b4 Qd8 30. Qe3 Kf8 31. Qh6+ Ke8 32. b5 Qa5 33. Qd2 Rb7 34. bxa6 Qxa6 35. Rxb7 Qxb7 36. Rb1 Qc7 37. Qe3 Kd7 38. Nb5 Qa5 39. Qc5 Ra8 40. Qd6+ Kc8 41. Rb2 Bd7 42. Qf8+ Kb7 43. Qxf7 Kc6 44. Qxg6+ Kb7 45. Qf7 Kc6 46. Nd4+ Kc5 47. Qxd7 Qxc3 48. Ne6# 1-0

[Event "IND-chB (Women) 34th"]
[Site "Hyderabad"]
[Date "2007.05.21"]
[Round "?"]
[White "Shruthi, K."]
[Black "Pavitra, Jagtap"]
[Result "1-0"]
[WhiteElo "1953"]
[BlackElo "1834"]
[PlyCount "99"]
[EventDate "2007.05.21"]
[EventType "swiss"]
[EventRounds "11"]
[EventCountry "IND"]
[SourceTitle "EXT 2010"]
[Source "ChessBase"]
[SourceDate "2010.11.25"]
[SourceVersion "1"]
[SourceVersionDate "2010.11.25"]
[SourceQuality "1"]

1. d4 Nf6 2. Nf3 e6 3. Bf4 c5 4. c3 cxd4 5. cxd4 d5 6. h3 Bb4+ 7. Nbd2 Ne4 8. a3 Nxd2 9. Nxd2 Bd6 10. Bxd6 Qxd6 11. e3 0-0 12. Bd3 Nd7 13. Nf3 Qe7 14. Rc1 Rd8 15. Rc7 Qf6 16. Qc2 h6 17. 0-0 Rb8 18. Rc1 Nb6 19. Ne5 Bd7 20. Nxd7 Rxd7 21. Rxd7 Nxd7 22. Qa4 Qd8 23. Qxa7 Rc8 24. Rxc8 Qxc8 25. Qa4 Nf6 26. Qb3 Qc7 27. g3 Ne8 28. Kg2 g6 29. Qd1 Kg7 30. Qd2 Nd6 31. b3 Qc6 32. a4 b5 33. Bxb5 Nxb5 34. axb5 Qxb5 35. Qc3 Kf8 36. b4 Ke8 37. Qc8+ Ke7 38. Qc5+ Qxc5 39. bxc5 f5 40. g4 fxg4 41. hxg4 Kf6 42. f4 Ke7 43. Kg3 Kf7 44. Kh4 Ke7 45. f5 exf5 46. gxf5 g5+ 47. Kg4 Kf6 48. c6 Ke7 49. c7 Kd7 50. f6 1-0